Music Quiz

Random Music or Song Quiz

Lyrics: 'Enjoy The Silence' by Depeche Mode Quiz Stats

 Plays Quiz not verified by Sporcle

Challenge
Share
Tweet
Embed
Score 0/141 Timer 07:00
0 Plays Today
% Correct
the
99.1%
the
99.1%
the
99.1%
I
98.8%
I
98.8%
I
98.8%
I
98.8%
I
98.8%
I
98.8%
I
98.8%
I
98.8%
silence
97.9%
silence
97.9%
in
97.4%
in
97.4%
in
97.4%
in
97.4%
in
97.4%
my
96.9%
my
96.9%
my
96.9%
my
96.9%
my
96.9%
my
96.9%
Words
96.2%
Words
96.2%
Words
96.2%
Words
96.2%
Words
96.2%
Words
96.2%
Words
96.2%
All
95%
All
95%
are
95%
are
95%
are
95%
are
95%
are
95%
All
95%
All
95%
are
95%
All
95%
All
95%
are
95%
All
95%
All
95%
are
95%
% Correct
wanted
94.4%
wanted
94.4%
wanted
94.4%
wanted
94.4%
Is
94.3%
Is
94.3%
Is
94.3%
Is
94.3%
can
94.2%
can
94.2%
can
94.2%
can
94.2%
needed
93.9%
needed
93.9%
needed
93.9%
needed
93.9%
ever
93.8%
ever
93.8%
here
93.8%
ever
93.8%
ever
93.8%
here
93.8%
ever
93.8%
ever
93.8%
here
93.8%
ever
93.8%
ever
93.8%
here
93.8%
do
93.6%
do
93.6%
do
93.6%
do
93.6%
arms
93%
arms
93%
arms
93%
arms
93%
only
92.8%
only
92.8%
only
92.8%
only
92.8%
They
92.7%
They
92.7%
They
92.7%
They
92.7%
very
91.5%
very
91.5%
very
91.5%
% Correct
very
91.5%
to
90.8%
To
90.8%
harm
90.5%
harm
90.5%
harm
90.5%
harm
90.5%
Break
89.3%
me
89.1%
me
89.1%
violence
88.4%
little
87.9%
little
87.9%
like
87.7%
unnecessary
87.2%
unnecessary
87.2%
unnecessary
87.2%
unnecessary
87.2%
world
86.3%
Enjoy
84.6%
And
82.6%
Into
81.8%
Come
81.5%
girl
80.7%
you
80.6%
right
78.3%
crashing
78%
through
77.8%
Oh
76.4%
pain
75.1%
be
74.2%
meaningless
69%
So
68.7%
understand
68.6%
Painful
68.2%
forgettable
68.2%
broken
68.2%
spoken
67.9%
Can't
64.9%
trivial
56.9%
Vows
56.2%
does
54.9%
Feelings
53.1%
Pleasures
51.2%
remain
50.6%
intense
49.8%
Pierce
49.4%

You're not logged in!

Compare scores with friends on all Sporcle quizzes.
Join for Free
OR
Log In

You Might Also Like...

Show Comments

Extras

Top Quizzes Today


Score Distribution

Your Account Isn't Verified!

In order to create a playlist on Sporcle, you need to verify the email address you used during registration. Go to your Sporcle Settings to finish the process.

Report this User

Report this user for behavior that violates our Community Guidelines.

Details: